| 000 | 00742cam a22002531 4500 | ||
|---|---|---|---|
| 001 | 7946 | ||
| 003 | BD-RjUL | ||
| 005 | 20211208234511.0 | ||
| 008 | 140116s1958 enka 001 0 eng | ||
| 035 | _a(BD-RjUL) 7990 | ||
| 035 | _a(OCoLC)522180 | ||
| 040 |
_aDLC _cODaWU _dBD-RjUL _beng |
||
| 041 | _aeng | ||
| 082 |
_a501 _bHAP 1958 |
||
| 100 | 1 |
_aHanson, Norwood Russell. _924804 |
|
| 245 | 1 | 0 |
_aPatterns of discovery : _ban inquiry into the conceptual foundations of science / _cNorwood Russell Hanson |
| 260 |
_aCambridge : _bUniversity Press, _c1958. |
||
| 300 |
_aix, 240 p. : _bill. ; _c22 cm. |
||
| 504 | _aInclude index. | ||
| 650 | 0 |
_aScience _xPhilosophy. _924805 |
|
| 942 |
_2ddc _cBK |
||
| 999 |
_c7946 _d7946 |
||